Two percent target : (Record no. 23594)

MARC details
000 -LEADER
fixed length control field 00644nam a22001937a 4500
003 - CONTROL NUMBER IDENTIFIER
control field KenMUT
005 - DATE AND TIME OF LATEST TRANSACTION
control field 20260219121312.0
008 - FIXED-LENGTH DATA ELEMENTS--GENERAL INFORMATION
fixed length control field 260219b |||||||| |||| 00| 0 eng d
020 ## - INTERNATIONAL STANDARD BOOK NUMBER
International Standard Book Number 9780888066350
040 ## - CATALOGING SOURCE
Transcribing agency MUT
050 ## - LIBRARY OF CONGRESS CALL NUMBER
Classification number HG 655
Item number .L36 2004
100 ## - MAIN ENTRY--PERSONAL NAME
Personal name Laidler, David E. W
245 ## - TITLE STATEMENT
Title Two percent target :
Remainder of title the context, theory, and practice of Canadian monetary policy since 1991 /
260 ## - PUBLICATION, DISTRIBUTION, ETC.
Place of publication, distribution, etc. Ottawa, Ontario
Name of publisher, distributor, etc. C.D Howe Institute
Date of publication, distribution, etc. 2004
583 ## - ACTION NOTE
Action Cataloguing:
Time/date of action 20260219
Action agent 564564
650 ## - SUBJECT ADDED ENTRY--TOPICAL TERM
Topical term or geographic name entry element Monetary policy announcements
700 ## - ADDED ENTRY--PERSONAL NAME
Personal name Robson, William B.P
942 ## - ADDED ENTRY ELEMENTS (KOHA)
Source of classification or shelving scheme Library of Congress Classification
Koha item type Books
Suppress in OPAC No
Holdings
Withdrawn status Lost status Source of classification or shelving scheme Damaged status Not for loan Home library Current library Shelving location Date acquired Source of acquisition Total checkouts Full call number Barcode Date last seen Price effective from Koha item type
    Library of Congress Classification     Murang'a University of Technology Library Murang'a University of Technology Library General stacks 19/02/2026 Donation-TFC   HG 655 .L36 2004 023725 19/02/2026 19/02/2026 Books